000 004580000a22001690004500
041 0 _aENG
082 0 4 _aG 253 S7859w
100 1 _aStanger, Frank Bateman
245 1 0 _aA workman that needeth not to be ashamed / Frank Bateman Stanger
260 _aLouisville, Kentucky, USA : Herald
300 _a228 Pag
001 6301
942 _cBK
999 _c36574
_d36574
336 _atexto
_btxt
_2rdacontent
337 _2rdamedia
_asin mediación
_bn
338 _2rdacarrier
_avolumen
_bnc